বিমল মিত্র রচনাবলী / (Record no. 63641)
[ view plain ]
| 000 -LEADER | |
|---|---|
| fixed length control field | 01270nam a2200289 a 4500 |
| 001 - CONTROL NUMBER | |
| control field | 63641 |
| 003 - CONTROL NUMBER IDENTIFIER | |
| rucl marc code | BD-RjUL |
| 005 - DATE AND TIME OF LATEST TRANSACTION | |
| control field | 20211209081222.0 |
| 008 - FIXED-LENGTH DATA ELEMENTS--GENERAL INFORMATION | |
| fixed length control field | 170131s2007 ii ||||| |||| 00| 0 ben d |
| 020 ## - INTERNATIONAL STANDARD BOOK NUMBER | |
| International Standard Book Number | 8172939525 (v-1) |
| Terms of availability | : Irs 300.00 |
| International Standard Book Number | 9789350200803 (v-7) |
| Terms of availability | : Irs 400.00 |
| International Standard Book Number | 9788172939656 (v-3) |
| Terms of availability | : Irs 325.00 |
| International Standard Book Number | 9789350200011(v-4) |
| Terms of availability | : IRs 325.00 |
| International Standard Book Number | 9789350200339(V-5) |
| Terms of availability | : IRs 400.00 |
| 035 ## - SYSTEM CONTROL NUMBER | |
| System control number | (BD-RjUL)63770 |
| 040 ## - CATALOGING SOURCE | |
| Original cataloging agency | BD-RjUL |
| Language of cataloging | ben |
| Transcribing agency | BD-RjUL |
| 041 ## - LANGUAGE CODE | |
| Language code of text/sound track or separate title | ben |
| 082 ## - DEWEY DECIMAL CLASSIFICATION NUMBER | |
| Edition number | 23 |
| Classification number | 891.4408 |
| Author mark and year | MIB 2007 |
| 100 ## - MAIN ENTRY--PERSONAL NAME | |
| Personal name | মিত্র, বিমল |
| 9 (RLIN) | 171585 |
| 245 10 - TITLE STATEMENT | |
| Title | বিমল মিত্র রচনাবলী / |
| Statement of responsibility, etc. | বিমল মিত্র |
| 260 ## - PUBLICATION, DISTRIBUTION, ETC. (IMPRINT) | |
| Place of publication, distribution, etc. | কলিকাতা : |
| Name of publisher, distributor, etc. | মিত্র ও ঘোষ পাবলিশার্স, |
| Date of publication, distribution, etc. | ২০০৭ [১৪১৪] |
| 300 ## - PHYSICAL DESCRIPTION | |
| Pagination | খণ্ড. ; |
| Size | ২১ সেমি. |
| 505 0# - FORMATTED CONTENTS NOTE | |
| Formatted contents note | খণ্ড ১ -- খণ্ড ২ -- -- খণ্ড ৩ -- খণ্ড ৪ -- খণ্ড ৫ -- খণ্ড ৬ -- খণ্ড ৭ -- |
| 650 ## - SUBJECT ADDED ENTRY--TOPICAL TERM | |
| Topical term or geographic name as entry element | বাংলা সাহিত্য |
| General subdivision | ইতিহাস ও সমালোচনা |
| 9 (RLIN) | 179529 |
| Topical term or geographic name as entry element | Bengali Literature |
| General subdivision | History & Criticism |
| 9 (RLIN) | 179530 |
| 942 ## - ADDED ENTRY ELEMENTS (KOHA) | |
| Source of classification or shelving scheme | Dewey Decimal Classification |
| Koha item type | Books |
| Lost status | Source of classification or shelving scheme | Damaged status | Not for loan | Collection code | Permanent Location | Current Location | Shelving location | Date acquired | Source of acquisition | Cost, normal purchase price | Total Checkouts | Full call number | Date last seen | Copy number | Koha item type |
|---|---|---|---|---|---|---|---|---|---|---|---|---|---|---|---|
| Dewey Decimal Classification | Not For Loan | Non-fiction | Central Library, University of Rajshahi | Central Library, University of Rajshahi | Reading Room | 09/07/2013 | Space Marketing Com.,Dhaka | 471.42 | B 891.4408 MIB V-1 2007 | 31/01/2017 | C-1 | Books | |||
| Dewey Decimal Classification | Not For Loan | Non-fiction | Central Library, University of Rajshahi | Central Library, University of Rajshahi | Reading Room | 09/07/2013 | Space Marketing Com.,Dhaka | 471.42 | B 891.4408 MIB V-3 2009 | 31/01/2017 | C-1 | Books | |||
| Dewey Decimal Classification | Not For Loan | Non-fiction | Central Library, University of Rajshahi | Central Library, University of Rajshahi | Reading Room | 09/07/2013 | Space Marketing Com.,Dhaka | 471.00 | B 891.4408 MIB V-7 2012 | 31/01/2017 | C-1 | Books | |||
| Dewey Decimal Classification | Not For Loan | Non-fiction | Central Library, University of Rajshahi | Central Library, University of Rajshahi | Reading Room | 09/07/2013 | Dhaka. space marketing comm | 471.42 | B 891.4408 MIB V-2 2007 | 14/02/2017 | C-1 | Books | |||
| Dewey Decimal Classification | Not For Loan | Non-fiction | Central Library, University of Rajshahi | Central Library, University of Rajshahi | Reading Room | 09/07/2013 | Space Marketing company, Dhaka. | 471.42 | B 891.4408 MIB V-4 2010 | 26/02/2017 | C-1 | Books | |||
| Dewey Decimal Classification | Not For Loan | Non-fiction | Central Library, University of Rajshahi | Central Library, University of Rajshahi | Reading Room | 09/07/2013 | Dhaka space marketing communication | 471.42 | B 891.4408 MIB V-5 2010 | 03/05/2017 | C-1 | Books | |||
| Dewey Decimal Classification | Not For Loan | Non-fiction | Central Library, University of Rajshahi | Central Library, University of Rajshahi | Reading Room | 09/07/2013 | Dhaka space marketing communication | 471.42 | B 891.4408 MIB V-6 2011 | 03/05/2017 | C-1 | Books |